000 00360pab a2200145 454500
008 180718b1997 xxu||||| |||| 00| 0 eng d
100 _aZoreda, Margaret Lee
245 _aCross-cultural relations and pedagogy
260 _c1997
300 _ap.923-35
362 _aJun-Jul
650 _aCulture
773 _aAmerican Behavioral Scientist
909 _a36030
999 _c36030
_d36030